<The> Impact of store design on shopping behaviour

Vplyv faktorov dizajnu obchodu na správanie spotrebiteľa. Skúmanie kognitívného a afektívneho spracovania informácií v rámci preferovania obchodu. Empirický výskum s použitím laboratórneho experimentovania s fotografiami.

Enregistré dans:
Détails bibliographiques
Auteur principal: Lesáková, Dagmar, 1949-
Format: Chapitre de livre
Langue:anglais
Sujets:
Tags: Ajouter un tag
Pas de tags, Soyez le premier à ajouter un tag!

MARC

LEADER 00000nla a2200000 4500
001 0233998
005 20240502083623.4
041 0 |a eng 
044 |a CZ 
245 1 0 |a <The> Impact of store design on shopping behaviour  |c Dagmar Lesakova 
520 |a Vplyv faktorov dizajnu obchodu na správanie spotrebiteľa. Skúmanie kognitívného a afektívneho spracovania informácií v rámci preferovania obchodu. Empirický výskum s použitím laboratórneho experimentovania s fotografiami. 
610 2 0 |a správanie spotrebiteľa 
610 2 0 |a dizajn 
610 2 0 |a psychológia 
610 2 0 |a atmosféra 
610 2 0 |a nákup 
100 1 |a Lesáková, Dagmar, 1949-